Let's communicate missions : (Record no. 8166)
[ view plain ]
| 000 -LEADER | |
|---|---|
| fixed length control field | 00671nam a22001817a 4500 |
| 003 - CONTROL NUMBER IDENTIFIER | |
| control field | GBCCL |
| 005 - DATE AND TIME OF LATEST TRANSACTION | |
| control field | 20241126110644.0 |
| 008 - FIXED-LENGTH DATA ELEMENTS--GENERAL INFORMATION | |
| fixed length control field | 190628b ||||| |||| 00| 0 eng d |
| 040 ## - CATALOGING SOURCE | |
| Transcribing agency | gbc |
| 082 ## - DEWEY DECIMAL CLASSIFICATION NUMBER | |
| Classification number | 266 |
| Item number | LET |
| 245 ## - TITLE STATEMENT | |
| Title | Let's communicate missions : |
| Remainder of title | helps for producing missionary prayer letters, photography and slide presentations / |
| Statement of responsibility, etc. | compiled by Linda Twedt and Bill Myers. |
| 260 ## - PUBLICATION, DISTRIBUTION, ETC. | |
| Place of publication, distribution, etc. | Lincoln, NE : |
| Name of publisher, distributor, etc. | Back to the Bible, |
| Date of publication, distribution, etc. | ©1975. |
| 300 ## - PHYSICAL DESCRIPTION | |
| Extent | 45 pages : illustrations, portraits ; |
| Dimensions | 17 cm |
| 650 ## - SUBJECT ADDED ENTRY--TOPICAL TERM | |
| Topical term or geographic name entry element | Missionaries -- Leaves and furloughs. |
| 9 (RLIN) | 14215 |
| 650 ## - SUBJECT ADDED ENTRY--TOPICAL TERM | |
| Topical term or geographic name entry element | Missionaries -- Correspondence. |
| 9 (RLIN) | 14216 |
| 650 ## - SUBJECT ADDED ENTRY--TOPICAL TERM | |
| Topical term or geographic name entry element | Missionaries. |
| 9 (RLIN) | 3863 |
| 942 ## - ADDED ENTRY ELEMENTS (KOHA) | |
| Source of classification or shelving scheme | Dewey Decimal Classification |
| Koha item type | Books |
| Withdrawn status | Lost status | Source of classification or shelving scheme | Damaged status | Not for loan | Collection | Home library | Current Library | Shelving location | Date acquired | Total checkouts | Full call number | Barcode | Date last seen | Copy number | Price effective from | Koha item type |
|---|---|---|---|---|---|---|---|---|---|---|---|---|---|---|---|---|
| Dewey Decimal Classification | GRACE BIBLE COLLEGE | GRACE BIBLE COLLEGE | Ministry & Mission | 2019-06-28 | 266 LET | 004263 | 2025-05-01 | c.1 | 2019-06-28 | Books |